| 000 | 00762nam a2200241 i 4500 | ||
|---|---|---|---|
| 001 | 11122 | ||
| 003 | ES-MaACL | ||
| 005 | 20230906150031.0 | ||
| 007 | t| | ||
| 008 | 940125s1993 sp |||| | cat j | ||
| 020 | _a84-7826-434-5 | ||
| 080 | _a849.9-192.09"11/15" | ||
| 100 | 1 |
_aRomeu i Figueras, Josep. _999462 |
|
| 245 | 1 | 0 |
_aEstudis de lírica popular i lírica tradicional antigues / _cJosep Romeu i Figueras. |
| 250 | _a1ª ed. | ||
| 260 |
_aBarcelona : _bAbadia de Montserrat, _c1993. |
||
| 300 |
_a234 p ; _c19 cm. |
||
| 490 | 1 |
_aBiblioteca Serra d'or ; _v125 |
|
| 650 | 1 | 4 |
_aPoesías populares- _zCataluña- _xHistoria y crítica. _9168768 |
| 830 | 0 |
_aBiblioteca Serra d'or ; _v125 _9178942 |
|
| 852 |
_aES-MaACL _jL-18371 |
||
| 999 |
_c11122 _d11122 |
||